[Event "4th Balagne Open"]
[Site "Calvi FRA"]
[Date "2007.03.01"]
[Round "6"]
[White "Geronimi, Pi"]
[Black "Chulivska, V."]
[Result "0-1"]
[WhiteElo "1893"]
[BlackElo "2208"]
[PlyCount "88"]
[EventDate "2007.02.26"]

1. e4 c5 2. Nf3 e6 3. d4 cxd4 4. Nxd4 Nf6 5. Nc3 a6 6. Rg1 Qc7 7. a3 Qxh2 8.
Nf3 Qc7 9. g4 d6 10. Be3 b5 11. g5 Nfd7 12. Nd4 Bb7 13. Qd2 Nc6 14. O-O-O b4
15. axb4 Nxb4 16. Nb3 Ne5 17. Be2 Rc8 18. f3 Be7 19. Bd4 Nbc6 20. f4 Nxd4 21.
Qxd4 Ng6 22. f5 Nf4 23. Qe3 e5 24. Bf3 f6 25. gxf6 Bxf6 26. Qd2 Ke7 27. Na5
Rhd8 28. Nxb7 Qxb7 29. Nd5+ Nxd5 30. Qxd5 Qc7 31. c3 Kf8 32. Rh1 h6 33. Rdg1
Qb6 34. Bh5 Rc7 35. Rg6 Rb8 36. Rh2 Bg5+ 37. Rxg5 hxg5 38. Bg6 Qg1+ 39. Qd1
Qxh2 40. Qxd6+ Kg8 41. Qxc7 Qxb2+ 42. Kd1 Qb1+ 43. Kd2 Rb2+ 44. Ke3 Qe1+ 0-1

[Event "4th Balagne Open"]
[Site "Calvi FRA"]
[Date "2007.03.01"]
[Round "6"]
[White "Kradolfer, D."]
[Black "Boukobza, A."]
[Result "1/2-1/2"]
[WhiteElo "2034"]
[BlackElo "2192"]
[PlyCount "69"]
[EventDate "2007.02.26"]

1. c4 e6 2. g3 d5 3. Bg2 c6 4. Qc2 Bd6 5. Nf3 Nf6 6. O-O O-O 7. d4 Ne4 8. b3
Qe7 9. Bb2 Nd7 10. Nbd2 f5 11. Ne5 Nxe5 12. dxe5 Bc7 13. Rac1 Bd7 14. e3 Be8
15. c5 Ba5 16. Nf3 Bb4 17. Nd4 Bxc5 18. Bxe4 Bxd4 19. Bxd4 fxe4 20. Bc5 Qg5 21.
Bxf8 Kxf8 22. f4 Qe7 23. f5 exf5 24. Rxf5+ Kg8 25. Rcf1 Bg6 26. R5f4 Qxe5 27.
Qc5 h6 28. Rf8+ Rxf8 29. Rxf8+ Kh7 30. Qxa7 Qc3 31. Qd4 Qe1+ 32. Rf1 Qe2 33.
Rf2 Qe1+ 34. Rf1 Qe2 35. Rf2 1/2-1/2

[Event "4th Balagne Open"]
[Site "Calvi FRA"]
[Date "2007.03.01"]
[Round "6"]
[White "Autran, Y."]
[Black "Baudson, C."]
[Result "0-1"]
[WhiteElo "1997"]
[BlackElo "2065"]
[PlyCount "106"]
[EventDate "2007.02.26"]

1. c4 e5 2. Nc3 Nf6 3. Nf3 Nc6 4. a3 d6 5. d4 Bg4 6. d5 Ne7 7. e4 g6 8. Be2
Bxf3 9. Bxf3 Bg7 10. Be3 O-O 11. c5 Nd7 12. cxd6 cxd6 13. O-O f5 14. Be2 Nf6
15. f3 Kh8 16. Rc1 a6 17. b4 a5 18. Bd3 Ne8 19. Na4 axb4 20. axb4 Nc8 21. Qb3
Qd7 22. Nc3 f4 23. Bf2 g5 24. Ra1 Rxa1 25. Rxa1 Nc7 26. b5 g4 27. Be2 gxf3 28.
Bxf3 Rg8 29. b6 Na6 30. Rxa6 bxa6 31. b7 Nb6 32. Qxb6 Rb8 33. Qxa6 Bf6 34. Qc6
Rxb7 35. Qxd7 Rxd7 36. Kf1 Rb7 37. Bd1 Bd8 38. g3 Ba5 39. Be1 Bxc3 40. Bxc3 Rb1
41. gxf4 Rxd1+ 42. Ke2 Rh1 43. fxe5 Rxh2+ 44. Kf1 Rc2 45. exd6+ Rxc3 46. d7
Rf3+ 47. Kg2 Rf8 48. e5 Kg7 49. Kg3 Kf7 50. Kg4 Ke7 51. e6 h5+ 52. Kg3 Rf5 53.
d6+ Kd8 0-1

[Event "4th Balagne Open"]
[Site "Calvi FRA"]
[Date "2007.03.01"]
[Round "6"]
[White "Gil, L."]
[Black "Mencacci, T."]
[Result "1-0"]
[WhiteElo "1848"]
[BlackElo "1567"]
[PlyCount "49"]
[EventDate "2007.02.26"]

1. Nf3 Nf6 2. g3 g6 3. Bg2 Bg7 4. O-O O-O 5. d4 d6 6. b3 c5 7. Bb2 Nc6 8. c4
Bf5 9. dxc5 dxc5 10. Ne5 Qc7 11. Nxc6 bxc6 12. Nc3 Rad8 13. Qc1 Qd6 14. Rd1 Qc7
15. Rxd8 Rxd8 16. Qe1 Ne4 17. Na4 Bxb2 18. Nxb2 Qe5 19. Nd3 Qd6 20. g4 Nxf2 21.
Nxf2 Bd7 22. Rd1 Qe6 23. Qd2 Kg7 24. g5 Kg8 25. Bh3 1-0

[Event "4th Balagne Open"]
[Site "Calvi FRA"]
[Date "2007.03.01"]
[Round "6"]
[White "Gil, Je"]
[Black "Geronimi, D."]
[Result "1-0"]
[WhiteElo "1592"]
[BlackElo "1802"]
[PlyCount "121"]
[EventDate "2007.02.26"]

1. d4 Nf6 2. e3 g6 3. Bd3 Bg7 4. f4 d6 5. Nf3 O-O 6. O-O c5 7. c3 Qb6 8. Kh1
Bg4 9. Nbd2 d5 10. Qe1 c4 11. Bc2 Re8 12. Ne5 Nc6 13. Ndf3 Bxf3 14. Rxf3 Qd8
15. Rh3 Ne4 16. Qh4 h5 17. Bxe4 dxe4 18. g4 Nxe5 19. fxe5 e6 20. Qxd8 Raxd8 21.
gxh5 gxh5 22. Bd2 Kf8 23. Rxh5 Ke7 24. Rg1 Bf8 25. Be1 Kd7 26. Rh4 Be7 27. Rxe4
Rh8 28. Rf4 f5 29. exf6 Bd6 30. Rh4 Rxh4 31. Bxh4 Rh8 32. Bg3 Bf8 33. e4 Ke8
34. Rf1 Kf7 35. b3 b5 36. b4 Rh3 37. Kg2 Rh6 38. e5 Rg6 39. Kf3 Bh6 40. Rf2 Rg5
41. Bf4 Rf5 42. Kg3 Bf8 43. h4 Rh5 44. Kg4 Rh8 45. Kh3 Rg8 46. Rg2 Rh8 47. Bg5
Rg8 48. a4 a6 49. axb5 axb5 50. Ra2 Rh8 51. Ra5 Bh6 52. Bxh6 Rxh6 53. Rxb5 Rg6
54. Rb7+ Kf8 55. Rg7 Rh6 56. b5 Rh5 57. Rg5 Rh7 58. Rg7 Rh5 59. b6 Rf5 60. b7
Rf3+ 61. Kg4 1-0

[Event "4th Balagne Open"]
[Site "Calvi FRA"]
[Date "2007.03.02"]
[Round "7"]
[White "Ni Hua"]
[Black "Sulava, N."]
[Result "1-0"]
[WhiteElo "2632"]
[BlackElo "2537"]
[PlyCount "69"]
[EventDate "2007.02.26"]

1. e4 c5 2. Nf3 e6 3. d4 cxd4 4. Nxd4 Nf6 5. Nc3 Nc6 6. Ndb5 d6 7. Bf4 e5 8.
Bg5 a6 9. Na3 b5 10. Nd5 Be7 11. Bxf6 Bxf6 12. c4 Nd4 13. cxb5 Bg5 14. b6 O-O
15. Bc4 Bb7 16. O-O Rc8 17. Kh1 Kh8 18. f4 Bh6 19. f5 f6 20. Rb1 g6 21. fxg6 f5
22. Qd3 Qh4 23. Rfe1 fxe4 24. Rxe4 Qf2 25. Ree1 Rxc4 26. Qxc4 Rc8 27. Rf1 Qh4
28. Rf7 Rxc4 29. Rxh7+ Kg8 30. Ne7+ Kf8 31. g7+ Bxg7 32. Rxh4 Rb4 33. Nf5 Bf6
34. Rh6 Bg5 35. Rh8+ 1-0

[Event "4th Balagne Open"]
[Site "Calvi FRA"]
[Date "2007.03.02"]
[Round "7"]
[White "Wang Yue"]
[Black "Oleksienko, M."]
[Result "1-0"]
[WhiteElo "2644"]
[BlackElo "2541"]
[PlyCount "67"]
[EventDate "2007.02.26"]

1. d4 Nf6 2. c4 e6 3. Nc3 Bb4 4. Nf3 b6 5. Bg5 h6 6. Bh4 g5 7. Bg3 Ne4 8. Rc1
Bb7 9. Nd2 Nxg3 10. hxg3 c5 11. e3 cxd4 12. exd4 Qf6 13. d5 O-O 14. Be2 exd5
15. Nxd5 Bxd5 16. cxd5 Qxb2 17. Rc2 Qf6 18. O-O d6 19. Ne4 Qe5 20. Rc4 Bc5 21.
Re1 b5 22. Rxc5 dxc5 23. Bxb5 Rd8 24. d6 Nd7 25. f4 Qb2 26. a4 Nf8 27. Qh5 Kg7
28. fxg5 Qd4+ 29. Kh2 hxg5 30. Nxg5 Rxd6 31. Qxf7+ Kh8 32. Qh5+ Kg8 33. Re4 Qf6
34. Rg4 1-0

[Event "4th Balagne Open"]
[Site "Calvi FRA"]
[Date "2007.03.02"]
[Round "7"]
[White "Prie, E."]
[Black "Malakhatko, V."]
[Result "0-1"]
[WhiteElo "2516"]
[BlackElo "2604"]
[PlyCount "112"]
[EventDate "2007.02.26"]

1. d4 Nf6 2. Nf3 e6 3. Bf4 c5 4. c3 Nc6 5. e3 d5 6. Nbd2 Bd6 7. Bg3 O-O 8. Bd3
b6 9. Ne5 Ne7 10. Qf3 Bb7 11. Bh4 Ng6 12. Bg3 Re8 13. h3 Qc7 14. Ng4 Nd7 15.
Bxd6 Qxd6 16. Bxg6 hxg6 17. Nc4 dxc4 18. Qxb7 f5 19. Ne5 Nxe5 20. dxe5 Qxe5 21.
O-O-O Red8 22. Rd7 Rxd7 23. Qxd7 f4 24. Re1 Rf8 25. e4 f3 26. g3 a6 27. Qc6 Rd8
28. Rd1 Rxd1+ 29. Kxd1 b5 30. h4 Kh7 31. Kc2 Qxg3 32. fxg3 f2 33. h5 f1=Q 34.
hxg6+ Kh6 35. Qxe6 Qd3+ 36. Kc1 Qxg3 37. Qxa6 Qe1+ 38. Kc2 Qxe4+ 39. Kc1 Qe3+
40. Kc2 Qd3+ 41. Kc1 b4 42. Qb7 Qf1+ 43. Kc2 Qf2+ 44. Kc1 Qg1+ 45. Kd2 Qb1 46.
cxb4 Qxb2+ 47. Ke3 Qc1+ 48. Kf2 Qb2+ 49. Ke3 Qd4+ 50. Ke2 Qd3+ 51. Kf2 Qd2+ 52.
Kf1 c3 53. Qh1+ Kg5 54. Qg1+ Kf4 55. Qxc5 c2 56. Qc7+ Kg4 0-1

[Event "4th Balagne Open"]
[Site "Calvi FRA"]
[Date "2007.03.02"]
[Round "7"]
[White "Grabinsky, V."]
[Black "Humeau, C."]
[Result "1/2-1/2"]
[WhiteElo "2281"]
[BlackElo "2160"]
[PlyCount "84"]
[EventDate "2007.02.26"]

1. c4 Nf6 2. Nc3 e6 3. e4 d5 4. e5 d4 5. exf6 dxc3 6. bxc3 Qxf6 7. Nf3 c5 8. d4
h6 9. Bd3 Nc6 10. O-O cxd4 11. cxd4 Nxd4 12. Nxd4 Qxd4 13. Rb1 Bd6 14. Bb2 Qf4
15. g3 Qg5 16. Be4 Bc5 17. Bd4 Bxd4 18. Qxd4 O-O 19. Rfd1 e5 20. Qc5 Bf5 21.
Bxf5 Qxf5 22. Rxb7 Qc2 23. Rdd7 Qxa2 24. Qd5 Qa1+ 25. Kg2 Qd4 26. Qxd4 exd4 27.
Rxa7 Rxa7 28. Rxa7 Rc8 29. Ra4 d3 30. Kf3 Re8 31. Ra3 d2 32. Rd3 Rc8 33. Rxd2
Rxc4 34. Rd7 h5 35. h4 g6 36. Re7 Kg7 37. Re4 Rc2 38. Ke3 Ra2 39. Kf3 Rb2 40.
Ke3 Ra2 41. Kf3 Rb2 42. Ke3 Ra2 1/2-1/2

[Event "4th Balagne Open"]
[Site "Calvi FRA"]
[Date "2007.03.02"]
[Round "7"]
[White "Chulivska, V."]
[Black "Wang Hao"]
[Result "0-1"]
[WhiteElo "2208"]
[BlackElo "2619"]
[PlyCount "52"]
[EventDate "2007.02.26"]

1. e4 e6 2. d4 d5 3. Nd2 c5 4. Ngf3 Nf6 5. exd5 Nxd5 6. Nb3 Nd7 7. dxc5 Nxc5 8.
Qd4 Qb6 9. Nxc5 Qxc5 10. Qxc5 Bxc5 11. Bb5+ Bd7 12. Bxd7+ Kxd7 13. O-O b5 14.
a4 b4 15. b3 Rac8 16. Bb2 f6 17. Rad1 Bd6 18. Nd4 Be5 19. Rd2 a6 20. Rfd1 Rc5
21. g3 Rhc8 22. Rc1 g5 23. Kf1 Ke7 24. Ke2 Nc3+ 25. Bxc3 Rxc3 26. Kd1 Rd8 0-1

[Event "4th Balagne Open"]
[Site "Calvi FRA"]
[Date "2007.03.02"]
[Round "7"]
[White "Kryvoruchko, Y."]
[Black "Farnault, E."]
[Result "1-0"]
[WhiteElo "2592"]
[BlackElo "2074"]
[PlyCount "59"]
[EventDate "2007.02.26"]

1. e4 d5 2. exd5 Qxd5 3. Nc3 Qd8 4. d4 g6 5. Bc4 Nh6 6. Nf3 Bg7 7. Bxh6 Bxh6 8.
Ne5 O-O 9. O-O Nd7 10. Qf3 Nxe5 11. dxe5 c6 12. Rfe1 Qb6 13. Bb3 Be6 14. Rad1
Bxb3 15. axb3 Rad8 16. e6 Rxd1 17. Qxd1 fxe6 18. Qe2 Kh8 19. g3 Bg7 20. Nd1 e5
21. Nc3 h6 22. h4 Rf5 23. Ne4 Bf6 24. Rd1 Qb4 25. Rd7 Kg7 26. Kg2 Rh5 27. Qc4
Qb6 28. b4 Rf5 29. Qc5 Qa6 30. Nxf6 1-0

[Event "4th Balagne Open"]
[Site "Calvi FRA"]
[Date "2007.03.02"]
[Round "7"]
[White "Baudson, C."]
[Black "Flear, G."]
[Result "0-1"]
[WhiteElo "2065"]
[BlackElo "2480"]
[PlyCount "124"]
[EventDate "2007.02.26"]

1. Nc3 d5 2. e4 d4 3. Nce2 e5 4. Ng3 Be6 5. Nf3 Nd7 6. b3 f6 7. Bc4 Bxc4 8.
bxc4 g6 9. d3 Ne7 10. O-O Bg7 11. Bd2 O-O 12. h4 h5 13. Ne2 Nc5 14. Bb4 Ne6 15.
Rb1 b6 16. Qc1 Rf7 17. Ng3 Kh7 18. a4 a5 19. Ba3 Qd7 20. Bxe7 Rxe7 21. Rb5 Bf8
22. Qa1 Rg7 23. Rb2 Bb4 24. Ne2 Bc3 25. Nxc3 dxc3 26. Rb5 Nf4 27. Kh1 Nxg2 28.
Kxg2 Qg4+ 29. Kh2 Qf4+ 30. Kg2 Qg4+ 31. Kh2 Qxf3 32. Qd1 Qf4+ 33. Kh3 Rd8 34.
Rb3 f5 35. Qe2 fxe4 36. Qxe4 Qxe4 37. dxe4 Rd4 38. Rxc3 Rxe4 39. f3 Rd4 40. Re1
Re7 41. Re4 Rxe4 42. fxe4 Rd7 43. Kg3 Rd4 44. Kf3 Kh6 45. Ke3 g5 46. hxg5+ Kxg5
47. c5 Rxa4 48. cxb6 cxb6 49. Rc6 Rb4 50. Rc8 a4 51. Rg8+ Kh4 52. Rg1 a3 53.
Ra1 Ra4 54. c3 a2 55. Kf3 Ra3 56. Ke2 Kg3 57. Kd3 h4 58. Ke3 Rxc3+ 59. Ke2 Ra3
60. Kf1 h3 61. Ke1 h2 62. Rc1 h1=R+ 0-1

[Event "4th Balagne Open"]
[Site "Calvi FRA"]
[Date "2007.03.02"]
[Round "7"]
[White "Kradolfer, G."]
[Black "Hrabinska, M."]
[Result "0-1"]
[WhiteElo "2159"]
[BlackElo "2294"]
[PlyCount "42"]
[EventDate "2007.02.26"]

1. c4 Nf6 2. Nc3 e6 3. e4 c5 4. e5 Ng8 5. Nf3 Nc6 6. d4 cxd4 7. Nxd4 Nxe5 8.
Bf4 Ng6 9. Bg3 a6 10. Qa4 e5 11. Nf5 Nh6 12. Nxh6 gxh6 13. O-O-O Be7 14. Bd3
O-O 15. Bxg6 hxg6 16. Bxe5 d6 17. c5 Bd7 18. Qb4 dxe5 19. f4 Qc8 20. Nd5 Bxc5
21. Qc3 Be6 0-1

[Event "4th Balagne Open"]
[Site "Calvi FRA"]
[Date "2007.03.02"]
[Round "7"]
[White "Boukobza, A."]
[Black "Jain Singhai, N."]
[Result "0-1"]
[WhiteElo "2192"]
[BlackElo "1955"]
[PlyCount "116"]
[EventDate "2007.02.26"]

1. d4 d5 2. c4 e6 3. Nc3 Nf6 4. Bg5 Be7 5. e3 O-O 6. Nf3 h6 7. Bh4 Ne4 8. Bxe7
Qxe7 9. Qc2 Nxc3 10. bxc3 Nd7 11. cxd5 exd5 12. Bd3 c5 13. O-O c4 14. Bf5 Nf6
15. Bxc8 Rfxc8 16. Ne5 Nd7 17. Nxd7 Qxd7 18. e4 dxe4 19. Qxe4 Re8 20. Qf3 Re7
21. Rab1 Rae8 22. Rb4 b5 23. Qh5 a6 24. a4 Re1 25. Rb1 Rxb1 26. Rxb1 bxa4 27.
Qa5 Qb5 28. Qxb5 axb5 29. Kf1 Rb8 30. Ke2 Kf8 31. Kd2 Ke7 32. Kc2 Kd6 33. Re1
f6 34. Kb2 b4 35. cxb4 Rxb4+ 36. Kc3 Rb7 37. Kxc4 a3 38. Ra1 Ra7 39. Ra2 g6 40.
Kd3 Kd5 41. Kc3 h5 42. Kd3 g5 43. Kc3 f5 44. g3 f4 45. gxf4 gxf4 46. Kd3 Ra4
47. Kc3 Rc4+ 48. Kb3 Rxd4 49. Kxa3 Rd3+ 50. Kb4 Rh3 51. Rd2+ Ke4 52. Kc4 Kf3
53. Kd4 Rxh2 54. Ke5 Rh4 55. Kf5 Kg2 56. Kg5 Rg4+ 57. Kf5 f3 58. Rb2 Rg7 0-1

[Event "4th Balagne Open"]
[Site "Calvi FRA"]
[Date "2007.03.02"]
[Round "7"]
[White "Massoni, M."]
[Black "Dubois, M."]
[Result "1-0"]
[WhiteElo "2055"]
[BlackElo "2064"]
[PlyCount "79"]
[EventDate "2007.02.26"]

1. e4 Nf6 2. e5 Nd5 3. d4 d6 4. exd6 Qxd6 5. c4 Nf6 6. Nc3 Bf5 7. Qf3 Qe6+ 8.
Be2 c6 9. Bf4 Qc8 10. Rd1 e6 11. a3 Be7 12. d5 exd5 13. cxd5 cxd5 14. Bxb8 Rxb8
15. Nxd5 Nxd5 16. Bb5+ Kf8 17. Qxd5 Qc2 18. Qe5 Qe4+ 19. Qxe4 Bxe4 20. Nf3 Bf6
21. Rd7 Bf5 22. Rc7 Be6 23. O-O a6 24. Bd3 Bd8 25. Rc2 Bf6 26. Rc7 g6 27. b4
Kg7 28. Be4 b6 29. Rfc1 Rhc8 30. Nd2 Bb2 31. Rxc8 Bxc8 32. Rc7 Bxa3 33. Bd5
Bxb4 34. Rxf7+ Kh6 35. Ne4 Bf5 36. Nf6 Kg5 37. g3 Bh3 38. f4+ Kf5 39. Nd7+ Kg4
40. Ne5+ 1-0